[Event "Nizhnij Novgorod Hopes Cup op"]
[Site "Nizhnij Novgorod"]
[Date "2009.08.??"]
[Round "9"]
[White "Shapfiev, Aidyn"]
[Black "Gorozhanin, Mikhail"]
[Result "1-0"]
[WhiteElo "2263"]
[BlackElo "1826"]
[PlyCount "83"]
[EventDate "2009.08.10"]
[EventType "swiss"]
[EventRounds "9"]
[EventCountry "RUS"]
[SourceTitle "EXT 2022"]
[Source "ChessBase"]
[SourceDate "2021.10.06"]
[SourceVersion "1"]
[SourceVersionDate "2021.10.06"]
[SourceQuality "1"]

1. Nf3 Nf6 2. g3 g6 3. b3 Bg7 4. Bb2 d5 5. Bg2 0-0 6. 0-0 c5 7. c4 Nc6 8. cxd5 Nxd5 9. Bxg7 Kxg7 10. d4 cxd4 11. Nxd4 Nc3 12. Nxc3 Qxd4 13. Qxd4+ Nxd4 14. Rfd1 e5 15. e3 Ne6 16. Nb5 a6 17. Nd6 Ra7 18. Rac1 Bd7 19. Nc4 Bb5 20. Nxe5 f6 21. Nd7 Bxd7 22. Rxd7+ Rf7 23. Rxf7+ Kxf7 24. Bd5 Ke7 25. Bxe6 Kxe6 26. Rc7 h5 27. h4 a5 28. a3 Ke5 29. Kf1 Kf5 30. f3 g5 31. Ke2 Kg6 32. e4 Ra6 33. f4 gxf4 34. gxf4 Rb6 35. f5+ Kh6 36. Rc3 Rb5 37. Kd3 b6 38. Kc4 Re5 39. Kd4 Kg7 40. Rc7+ Kh6 41. Rc6 Kg7 42. Rxb6 1-0

[Event "Nizhnij Novgorod Hopes Cup op"]
[Site "Nizhnij Novgorod"]
[Date "2009.08.??"]
[Round "3"]
[White "Shapfiev, Aidyn"]
[Black "Gribkov, Ilya"]
[Result "1-0"]
[WhiteElo "2263"]
[BlackElo "1974"]
[PlyCount "67"]
[EventDate "2009.08.10"]
[EventType "swiss"]
[EventRounds "9"]
[EventCountry "RUS"]
[SourceTitle "EXT 2022"]
[Source "ChessBase"]
[SourceDate "2021.10.06"]
[SourceVersion "1"]
[SourceVersionDate "2021.10.06"]
[SourceQuality "1"]

1. d4 d5 2. Nf3 Nf6 3. c4 e6 4. Nc3 Be7 5. Bg5 h6 6. Bxf6 Bxf6 7. e3 0-0 8. cxd5 exd5 9. Bd3 b6 10. Rc1 Bb7 11. b4 Nd7 12. b5 c5 13. bxc6 Bxc6 14. 0-0 Rc8 15. Ba6 Rc7 16. Nb5 Bxb5 17. Bxb5 Qc8 18. Qd2 Nb8 19. Rxc7 Qxc7 20. Rc1 Qb7 21. Qc2 a6 22. Ba4 b5 23. Bb3 Qd7 24. Ne1 Be7 25. Nd3 Ba3 26. Rd1 Rc8 27. Qe2 Qd6 28. Qf3 Nd7 29. Bxd5 Qe7 30. Bb3 a5 31. Qf5 a4 32. Bd5 Nb6 33. Ne5 Rf8 34. Ng6 1-0

[Event "Nizhnij Novgorod Hopes Cup op"]
[Site "Nizhnij Novgorod"]
[Date "2009.08.??"]
[Round "7"]
[White "Shapfiev, Aidyn"]
[Black "Marsak, Viktor D"]
[Result "1/2-1/2"]
[WhiteElo "2263"]
[BlackElo "1996"]
[PlyCount "27"]
[EventDate "2009.08.10"]
[EventType "swiss"]
[EventRounds "9"]
[EventCountry "RUS"]
[SourceTitle "EXT 2022"]
[Source "ChessBase"]
[SourceDate "2021.10.06"]
[SourceVersion "1"]
[SourceVersionDate "2021.10.06"]
[SourceQuality "1"]

1. d4 Nf6 2. c4 Nc6 3. Nf3 e6 4. a3 d6 5. Nc3 g6 6. e4 Bg7 7. h3 0-0 8. Be2 Re8 9. Bg5 h6 10. Bh4 g5 11. Bg3 Nh5 12. Bh2 Nf4 13. Bxf4 gxf4 14. Qd2 1/2-1/2